000 00370 a2200157 4500
001 155775
040 _cEscola São Tomás de Aquino
100 _aFERREIRA, Graça Maria Lemos
240 1 0 _aModerno Atlas Geográfico
_lpor
245 1 0 _aModerno Atlas Geográfico
300 _a56
362 0 _a2003
440 1 _aModerna
697 _aGENERALIDADES
942 _cBK
999 _c155775
_d155775